000 00776nam a2200205Ia 4500
003 GCL
008 140319s9999 xx 000 0 ara d
040 _aGCL /
_cGCL
082 0 4 _a621.3192
_bف ت
100 1 _aفاروق محمد العامرى
245 1 0 _aالتوصيلات لمختلف الاجهزة الكهربائية الشاملة /
_cفاروق محمد العامرى
260 _a[S.N] :
_bالدار المصرية اللبنانية ،
_c1992
300 _a204 ص
490 _aموسوعة العامرى للالكترونيات
_v0
650 0 4 _aالاجهزة الالكترونية
650 0 4 _aالاجهزة الكهربائية
650 0 4 _aالتوصيلات الكهربائية
650 0 4 _aالالكترونيات
942 _2ddc
_cBK
999 _c57552
_d57552